| 000 | 00607cam a22002058i 4500 | ||
|---|---|---|---|
| 001 | 17634733 | ||
| 005 | 20130430135854.0 | ||
| 008 | 130222s2013 nyu 000 0 eng | ||
| 010 | _a 2012045581 | ||
| 020 | _a9780071771337 (alk. paper) | ||
| 082 | 0 | 0 |
_a621.381 _223 _bSCH |
| 100 | 1 |
_aScherz, Paul. _933138 |
|
| 245 | 1 | 0 |
_aPractical Electronics for Inventors / _cPaul Scherz . |
| 250 |
_aThird edition / _bPaul Scherz, Simon Monk. |
||
| 300 |
_a1014 p. : _bill. ; _c29 cm. |
||
| 650 | 0 |
_aElectronics _vTextbooks. _933139 |
|
| 653 |
_bEle _cApril2013 |
||
| 700 | 1 |
_aMonk, Simon. _933140 |
|
| 942 |
_2ddc _cBB |
||
| 999 |
_c17444 _d17416 |
||